书目信息 |
| 题名: |
《宇宙与意象》研究及中国古代宇宙诗学论
|
|
| 作者: | 张鸿 著 | |
| 分册: | ||
| 出版信息: | 北京 知识产权出版社 2015 |
|
| 页数: | 458页 | |
| 开本: | 21cm | |
| 丛书名: | ||
| 单 册: | ||
| 中图分类: | B016.8 | |
| 科图分类: | ||
| 主题词: | 宇宙论--yu zhou lun--研究--中国--古代 | |
| 电子资源: | ||
| ISBN: | 978-7-5130-3826-3 | |
| 000 | 01074nam0 22002291 450 | |
| 001 | 0127154727 | |
| 005 | 20170327154727.0 | |
| 010 | @a978-7-5130-3826-3@dCNY48.00 | |
| 100 | @a20151225d2015 kemy0chiy50 ea | |
| 101 | 0 | @achi |
| 102 | @aCN@b110000 | |
| 105 | @ay v 000yy | |
| 106 | @ar | |
| 200 | 1 | @a《宇宙与意象》研究及中国古代宇宙诗学论@Ayu zhou yu yi xiang yan jiu ji zhong guo gu dai yu zhou shi xue lun@f张鸿著 |
| 210 | @a北京@c知识产权出版社@d2015 | |
| 215 | @a458页@d21cm | |
| 330 | @a本书以法国文论家埃莱娜·蒂泽作品《宇宙与意象》为研究对象,阐释其主要思想和重点内容,系统介绍这部探讨宇宙论对西方诗人创作影响的文学批评著作,侧重考察宇宙观与诗歌意象关系的独特批评方法。在此基础上,从哲学、文论及诗歌创作三方面出发,梳理中国古代的宇宙论思想及其与文学创作的关系,对比哲学层面的中西宇宙模式,同时也从文学创作角度对中西宇宙论的特点进行某些具体且有针对性的比较。 | |
| 606 | 0 | @a宇宙论@Ayu zhou lun@x研究@y中国@z古代 |
| 690 | @aB016.8@v5 | |
| 701 | 0 | @a张鸿@Azhang hong@c(女,@f1977~)@4著 |
| 801 | 0 | @aCN@bTANGWEI@c20170308 |
| 905 | @b0963812-5@dB016.8@e268@f4 | |
| 《宇宙与意象》研究及中国古代宇宙诗学论/张鸿著.-北京:知识产权出版社,2015 |
| 458页;21cm |
| ISBN 978-7-5130-3826-3:CNY48.00 |
| 本书以法国文论家埃莱娜·蒂泽作品《宇宙与意象》为研究对象,阐释其主要思想和重点内容,系统介绍这部探讨宇宙论对西方诗人创作影响的文学批评著作,侧重考察宇宙观与诗歌意象关系的独特批评方法。在此基础上,从哲学、文论及诗歌创作三方面出发,梳理中国古代的宇宙论思想及其与文学创作的关系,对比哲学层面的中西宇宙模式,同时也从文学创作角度对中西宇宙论的特点进行某些具体且有针对性的比较。 |
| ● |
| 相关链接 |
|
|
|
|
正题名:《宇宙与意象》研究及中国古代宇宙诗学论
索取号:B016.8/268
 
预约/预借
| 序号 | 登录号 | 条形码 | 馆藏地/架位号 | 状态 | 备注 |
| 1 | 0963812 | 209638123 | 第一样本阅览室/ [索取号:B016.8/268] | 在馆 | |
| 2 | 0963813 | 209638132 | 第一借阅区/ [索取号:B016.8/268] | 在馆 | |
| 3 | 0963814 | 209638141 | 第一借阅区/ [索取号:B016.8/268] | 在馆 | |
| 4 | 0963815 | 209638150 | 第一借阅区/ [索取号:B016.8/268] | 在馆 |